000 01109nam a22004330a 4500
001 PT52298
003 AR-LpoUNG
005 20210131231511.0
008 191001s2011||||ag |||||||||||||||||spa d
020 _a9789876770255
_c$37
040 _aAR-LpoUNG
_bspa
_cAR-LpoUNG
_eaacr
041 _aspa
044 _aag
082 0 _a982.063 293mon
100 1 _aBartoletti, Julieta
245 1 0 _aMontoneros :
_bde la movilización a la organización
250 _a1ra. ed.
260 _aRosario :
_bLaborde,
_c2011.
300 _a268 p. :
_bil.
650 4 _aANALISIS HISTORICO
650 4 _aARGENTINA
650 4 _aCONFLICTOS POLITICOS
650 4 _aDICTADURA
650 4 _aHISTORIA POLITICA
650 4 _aHISTORIA SOCIAL
650 4 _aIDEOLOGIAS POLITICAS
650 4 _aMARXISMO
650 4 _aORGANIZACIONES JUVENILES
650 4 _aPARTIDOS POLITICOS
650 4 _aREVOLUCION
651 4 _aArgentina
653 _aFAP
653 _aMONTONEROS
653 _aPERON, JUAN DOMINGO
653 _aPERONISMO
653 _aTERRORISMO DE ESTADO
905 _a52298
942 _cLSALA
999 _c10376
_d10376